ბათუმის შოთა რუსთაველის სახელმწიფო უნივერსიტეტის ბიბლიოთეკა

Определитель болезней растении (ბიბ.ჩანაწერი № 46393)

000 -LEADER
fixed length control field 00572nam a2200193Ia 4500
001 - CONTROL NUMBER
control field 13229
003 - CONTROL NUMBER IDENTIFIER
control field GE_BSU
008 - FIXED-LENGTH DATA ELEMENTS--GENERAL INFORMATION
fixed length control field 181216s||||||||xx |||||||||||||| ||und||
040 ## - CATALOGING SOURCE
Transcribing agency GE_BSU
080 ## - UNIVERSAL DECIMAL CLASSIFICATION NUMBER
Universal Decimal Classification number 632
245 ## - TITLE STATEMENT
Title Определитель болезней растении
245 ## - TITLE STATEMENT
Statement of responsibility, etc. Под.общ.ред.Хохрякова М.К. Ред.Л.Н.Жданова
260 ## - PUBLICATION, DISTRIBUTION, ETC.
Place of publication, distribution, etc. Ленинград
260 ## - PUBLICATION, DISTRIBUTION, ETC.
Name of publisher, distributor, etc. Колос
260 ## - PUBLICATION, DISTRIBUTION, ETC.
Date of publication, distribution, etc. 1966
300 ## - PHYSICAL DESCRIPTION
Extent 592стр.илл.20см.
653 ## - INDEX TERM--UNCONTROLLED
Uncontrolled term Определитель болезней растении
942 ## - ADDED ENTRY ELEMENTS (KOHA)
Koha item type წიგნი
ეგზემპლარები
Withdrawn status Lost status Damaged status Not for loan Date acquired Barcode Date last seen Price effective from Koha item type
        2018-12-17 20898 2018-12-17 2018-12-17 წიგნი
        2018-12-17 20777 2018-12-17 2018-12-17 წიგნი
        2018-12-17 20778 2018-12-17 2018-12-17 წიგნი